000 00688nam a2200217Ia 4500
003 GCL
008 140319s9999 xx 000 0 ara d
020 _a?07303977
040 _aGCL /
_cGCL
082 0 4 _a214
_bع س
100 1 _aعبدالحميد الشواربى
_vPurified
_@
…هذب
245 1 0 _aالسبع الموبقات /
_cعبدالحميد الشواربى
260 _aالقاهرة :
_bدار الاسراء للنشر والتوزيع ،
_c1992
300 _a136 ص ؛
_c24 سم
490 _a
650 0 4 _aالاسلام
650 0 4 _aالسحر
650 0 4 _aالشرك بالله
650 0 4 _aالالحاد والملحدون
942 _2ddc
_cBK
999 _c53446
_d53446